| 000 | 01070cam0 22003011ib4500 | ||
|---|---|---|---|
| 001 | BY-MI0001-br8850910 | ||
| 005 | 20201029121342.0 | ||
| 010 |
^d11500 р. ^a978-5-4453-0005-2 |
||
| 035 | ^a(BY-MI0001)BY-MI0001-br8850910 | ||
| 100 | ^a20150810d2013 y0rusy50 ca | ||
| 101 | 0 | ^arus | |
| 102 | ^aRU | ||
| 105 | ^aa z 000yy | ||
| 200 | 1 |
^aПро сороку ^eрассказ ^eдля дошк. возраста ^fЕ. И. Чарушин ^gил. авт. |
|
| 210 |
^aСанкт-Петербург ^cАкварель ^cКоманда А ^d2013 |
||
| 215 | ^a23 с. | ||
| 225 | 0 | ^aЧарушинские зверята | |
| 610 | 0 | ^aДЕТСКАЯ ЛИТЕРАТУРА | |
| 610 | 0 | ^aРАССКАЗЫ О ЖИВОТНЫХ | |
| 610 | 0 | ^aАПАВЯДАННІ ПРА ЖЫВ!ЁЛ | |
| 686 |
^aД ^v2 ^2rubbk |
||
| 690 |
^a1 ^2Base ^9BY-MI0001 ^xRSEK |
||
| 700 | 1 |
^aЧарушин ^bЕ. И. |
|
| 801 | 0 |
^aBY ^bBY-MI0001 ^c20150810 ^gpsbo |
|
| 801 | 2 |
^aBY ^bBY-MI0001 ^c20201027 ^gpsbo |
|
| 899 |
^aBY-MI0001 ^hД ^iЧ-23 |
||